00244nam a2200085Ia 4500008004100000041000800041100001700049245005600066260003600122241105s9999 xx 000 0 und d aeng aJadhao Pooja aDesign Intervention For Revaitaling The Brown Field bM Arch Digital BNCA, Punec2016